| 000 | 00461nam a2200121Ia 4500 | ||
|---|---|---|---|
| 008 | 160712s9999 xx 000 0 und d | ||
| 100 | _aFajilan, Wennielyn F. | ||
| 245 |
_cWennielyn F. Fajilan _aPagsasatinig ng Pagkabata: Ang Varayti ng Wika sa mga Premyadong Kuwentong Pambata |
||
| 260 |
_c2014 _bHumanities Diliman |
||
| 300 | _avol. 11 no. 2 | ||
| 650 | _xHUMANITIES | ||
| 856 | _uhttp://journals.upd.edu.ph/index.php/humanitiesdiliman/issue/view/502/showToc | ||
| 999 |
_c297168 _d297168 |
||